000 00680nam a2200241Ia 4500
003 OSt
005 20220918201552.0
006 a|||||r|||| 00| 0
007 ta
008 220917b |||||||| |||| 00| 0 eng d
024 _a94,849
037 _cTextual
040 _aARTS
_cARTS
_beng
041 _2eng
_aeng
082 _aX8(M1)u3.N39-M50, L3
100 _aTaraporevaia R J
_999501
245 0 _aCompetition and its control in the British Book Trade 1850-1939
260 _aLondon
_bPitman
_c1973
300 _axvi, 242p.
_ccm.
650 _aECONOMICS
942 _hX8(M1)u3.N39-M50, L3
_cTEXL
_2CC
999 _c218474
_d218474